Neural control engineering : the emerging intersection between control theory and neuroscience (Record no. 11893)

000 -LEADER
fixed length control field 01818cam a2200397 a 4500
001 - CONTROL NUMBER
control field 16441982
005 - DATE AND TIME OF LATEST TRANSACTION
control field 20170105102350.0
008 - FIXED-LENGTH DATA ELEMENTS--GENERAL INFORMATION
fixed length control field 100830s2012 maua b 001 0 eng
010 ## - LIBRARY OF CONGRESS CONTROL NUMBER
LC control number 2010036051
020 ## - INTERNATIONAL STANDARD BOOK NUMBER
International Standard Book Number 9780262015370 (hardcover : alk. paper)
035 ## - SYSTEM CONTROL NUMBER
System control number (DNLM)101539268
040 ## - CATALOGING SOURCE
Original cataloging agency DNLM/DLC
Transcribing agency DLC
Modifying agency DLC
042 ## - AUTHENTICATION CODE
Authentication code pcc
050 00 - LIBRARY OF CONGRESS CALL NUMBER
Classification number QP357.5
Item number .S35 2012
060 10 - NATIONAL LIBRARY OF MEDICINE CALL NUMBER
Classification number WL 26.5
082 00 - DEWEY DECIMAL CLASSIFICATION NUMBER
Classification number 612.8
Edition number 22
100 1# - MAIN ENTRY--PERSONAL NAME
Personal name Schiff, Steven J.
245 10 - TITLE STATEMENT
Title Neural control engineering : the emerging intersection between control theory and neuroscience
Remainder of title the emerging intersection between control theory and neuroscience
Statement of responsibility, etc. Steven J. Schiff.
260 ## - PUBLICATION, DISTRIBUTION, ETC.
Place of publication, distribution, etc. Cambridge, MA :
Name of publisher, distributor, etc. MIT Press,
Date of publication, distribution, etc. c2012.
300 ## - PHYSICAL DESCRIPTION
Extent xvi, 361 p. :
Other physical details ill. (some col.) ;
Dimensions 24 cm.
490 1# - SERIES STATEMENT
Series statement Computational neuroscience series
504 ## - BIBLIOGRAPHY, ETC. NOTE
Bibliography, etc. note Includes bibliographical references (p. [337]-356) and index.
505 0# - FORMATTED CONTENTS NOTE
Formatted contents note Kalman fitering -- The Hodgkin-Huxley equations -- Simplified neuronal models -- Bridging from Kalman to neuron -- Spatiotemporal cortical dynamics : the Wilson Cowan equations -- Empirical models -- Model inadequacy -- Brain machine interfaces -- Parkinson's disease -- Control systems with electrical fields -- Assimilating seizures -- Assimilating minds.
650 #0 - SUBJECT ADDED ENTRY--TOPICAL TERM
Topical term or geographic name entry element Computational neuroscience.
650 #0 - SUBJECT ADDED ENTRY--TOPICAL TERM
Topical term or geographic name entry element Nonlinear control theory.
650 12 - SUBJECT ADDED ENTRY--TOPICAL TERM
Topical term or geographic name entry element Neural Networks (Computer)
650 22 - SUBJECT ADDED ENTRY--TOPICAL TERM
Topical term or geographic name entry element Brain
General subdivision physiology.
650 22 - SUBJECT ADDED ENTRY--TOPICAL TERM
Topical term or geographic name entry element Models, Neurological.
650 22 - SUBJECT ADDED ENTRY--TOPICAL TERM
Topical term or geographic name entry element Neuroscience.
650 22 - SUBJECT ADDED ENTRY--TOPICAL TERM
Topical term or geographic name entry element Nonlinear Dynamics.
650 22 - SUBJECT ADDED ENTRY--TOPICAL TERM
Topical term or geographic name entry element Robotics.
830 #0 - SERIES ADDED ENTRY--UNIFORM TITLE
Uniform title Computational neuroscience.
906 ## - LOCAL DATA ELEMENT F, LDF (RLIN)
a 7
b cbc
c orignew
d 1
e ecip
f 20
g y-gencatlg
942 ## - ADDED ENTRY ELEMENTS (KOHA)
Source of classification or shelving scheme
Koha item type Book
Holdings
Withdrawn status Lost status Damaged status Not for loan Collection code Permanent Location Current Location Shelving location Date acquired Source of acquisition Cost, normal purchase price Total Checkouts Full call number Barcode Date last seen Date last checked out Price effective from Koha item type
          Central Library (CL) Central Library (CL) General Stacks 06/01/2013 Progressive International Agencies 4430.97 1 612.8 SCH SEECS012401 09/06/2015 10/01/2014 06/06/2013 Book
© 2023 Central Library, National University of Sciences and Technology. All Rights Reserved.